The Crucible Act I quiz - Statistics

General Stats
  • This quiz has been taken 71 times
  • The average score is 13 of 20
Answer Stats
Question Answer % Correct
What does Reverend Parris say he saw in the forest He saw the girls dancing like heathen
94%
What year is the play set during 1692
90%
What is Reverend Parris's main concern about Abigail He is worried that her actions are going to affect his reputation
90%
How does Reverend Hale show that he is educated By having a fat stack of books
81%
How does Mr. Putnam intensify the conflict in Act 1 He insists that there are witches in Salem
74%
What are Reverend Hale's beliefs? He thinks that the devil, demons, and witchcraft are very much real
74%
What does Rebecca say will cure the girls Letting them give up their act
74%
Describe the relationship between John Proctor and Abigail A one-sided obsession
71%
What is Reverend Parris's opinion of children He thinks they should be silent and obedient
68%
Why did Mrs Putnam send her daughter Ruth to Tituba She wanted Tituba to conjure the spirits of her dead children
68%
How does Reverend Parris make Abigail feel Terrified
61%
What problem among Salem residents makes them turn on each other They are short with each other and quick to sue
61%
How does Reverend Hale want people to react to his judgment He doesn't want them questioning his authority
58%
Where does Act 1 take place In Reverend Parris's house, in an upper bedroom
58%
Describe the Putnams Nitpicking and jumping to unreasonable conclusions
58%
Why was Abigail, according to her, fired from the Proctors They wanted her to be a slave
58%
What is the forest symbolic of to the Salem residents They think it is the devil's last hiding place
55%
How is Mary Warren different from the other girls She didn't dance but she merely watched
52%
Why does Abigail make her "confession" She saw how well Tituba got treated for doing the same thing
52%
How do readers know that Abigail is more worldly than other residents of Salem From her conversation with Thomas
0%
No matching quizzes found
Score Distribution
Percent of People with Each Score
Percentile by Number Answered
Your Score History
You have not taken this quiz